00313 2200133 4500001002100000005001500021035002000036245005500056300000700111260002900118082000800147084001200155990001200167INLIS00000000000209820250527100354 a0010-0525000390 aTerampil Berbahasa Mandarin /cLilysagita Tjahjadi a60 bCitra Aji Pratama,c2007 a490 a490 TER a0713228